000 01032cam a22003137a 4500
003 CHAP
005 20220329134902.0
008 971013s1967 r 00010 d
010 _a27516
011 _a28488
035 _a32592
040 _cCHAP
082 _a630.72
_bI47c 1966
110 _aINIA. México. Campo Agrícola Experimental Campeche
_958475
245 1 3 _aLa investigación agrícola en el Valle de Culiacán
260 _aMéxico, D.F. :
_bEl Instituto,
_c1967
300 _a140 h
490 0 _aPublicación especial
_v; 1
590 _aBATCH-UPD
_b10
_c20130110
_lUCH01
_h1142
590 _aBATCH-UPD
_b10
_c20130410
_lUCH01
_h0728
590 _aBATCH-UPD
_b10
_c20130914
_lUCH01
_h0030
590 _aCONVERSION
_b10
_c20130109
_lUCH01
_h1316
650 1 4 _aAgricultura
_xInvestigacion
_xSinaloa.
_91674
650 1 4 _aAgricultura
_xSinaloa.
_91794
830 0 _aPublicación especial
_v; 1
_992760
901 _aBK
942 _cLIBRO
949 _a630.72 I47c 1966
_bBC
_cLIBRO
_d33724000038428
_eLIBRO
_h35472
_i32592
_mD
_si
999 _c27516
_d27516